| 000 | 01408cam a22002895a 4500 | ||
|---|---|---|---|
| 001 | ssib021055302 | ||
| 003 | OSt | ||
| 005 | 20160419121636.0 | ||
| 008 | 131230s2013 nyu frb f001 0 eng d | ||
| 020 | _a9780199360444 | ||
| 040 |
_aStDuBDS _beng _cStDuBDS _epn _dWaSeSS _dEG-ScBUE |
||
| 082 | 0 | 4 |
_222 _a346.73023 _bBOD |
| 100 | 1 |
_aBodenhamer, David J. _939861 |
|
| 245 | 1 | 4 |
_aThe revolutionary constitution / _cDavid J. Bodenhamer. |
| 260 |
_aNew York : _bOxford University Press, _c2013. |
||
| 300 |
_a281 p. ; _c24 cm. |
||
| 500 | _aPreviously issued in print: 2013. | ||
| 500 | _aIndex : p. [265]-281. | ||
| 504 | _aIncludes bibliographical references. | ||
| 506 | _aAvailable on campus and off campus with authorized login. | ||
| 520 | 8 | _aThis study provides a comprehensive new look at America's basic law, integrating the latest legal scholarship with historical context to highlight how it has evolved over time. The Constitution, it notes, was the product of the first modern revolution, and revolutions are, by definition, moments when the past shifts toward an unfamiliar future, one radically different from what was foreseen only a brief time earlier. | |
| 650 | 0 |
_aConstitutional history _zUnited States. _2BUEsh _915804 |
|
| 650 | 0 |
_aConstitutional law _zUnited States. _2BUEsh |
|
| 651 | 0 |
_aUnited States _xPolitics and government. _2BUEsh |
|
| 653 |
_bBUSBOL _cApril2016 |
||
| 942 | _2ddc | ||
| 999 |
_c21655 _d21627 |
||